Détails MARC
| 000 -LEADER |
| fixed length control field |
02755cam a2200469 i 4500 |
| 001 - CONTROL NUMBER |
| control field |
0006876618 |
| 003 - CONTROL NUMBER IDENTIFIER |
| control field |
OSt |
| 005 - DATE AND TIME OF LATEST TRANSACTION |
| control field |
20260627095443.0 |
| 008 - FIXED-LENGTH DATA ELEMENTS--GENERAL INFORMATION |
| fixed length control field |
221019s2023 quca j b 000 0bfre |
| 020 ## - INTERNATIONAL STANDARD BOOK NUMBER |
| International Standard Book Number |
9782897097738 |
| 020 ## - INTERNATIONAL STANDARD BOOK NUMBER |
| International Standard Book Number |
2897097736 |
| 040 ## - CATALOGING SOURCE |
| Original cataloging agency |
QMBN |
| Language of cataloging |
fre |
| Description conventions |
rda |
| Transcribing agency |
QMBN |
| Modifying agency |
QMBND |
| 043 ## - GEOGRAPHIC AREA CODE |
| Geographic area code |
n-cn-qu |
| -- |
n-cn-qu |
| Local GAC code |
n-cn-qf |
| Source of local code |
cagraq |
| 050 #4 - LIBRARY OF CONGRESS CALL NUMBER |
| Classification number |
GV848.5* |
| 082 04 - DEWEY DECIMAL CLASSIFICATION NUMBER |
| Classification number |
J 927.969 S145g |
| Item number |
S145g |
| Edition number |
23/fre/202303 |
| 082 04 - DEWEY DECIMAL CLASSIFICATION NUMBER |
| Classification number |
796.962092 |
| Item number |
S145g |
| Edition number |
23/fre/202303 |
| 082 05 - DEWEY DECIMAL CLASSIFICATION NUMBER |
| Classification number |
927.96962 |
| Item number |
S145g |
| Edition number |
23/fre/202304 |
| 091 0# - MICROFILM SHELF LOCATION (AM) [OBSOLETE] |
| Microfilm shelf location |
927.96962 |
| 100 1# - MAIN ENTRY--PERSONAL NAME |
| Personal name |
Godin, Joanie, |
| Dates associated with a name |
1984- |
| Relator term |
auteur |
| 245 10 - TITLE STATEMENT |
| Title |
Martin St-Louis / |
| Statement of responsibility, etc. |
Joanie Godin ; idě originale de Rǰean Tremblay et Louise Gaudreault ; illustrations intřieures : Marie-Anne C. Duplessis |
| 264 #1 - PRODUCTION, PUBLICATION, DISTRIBUTION, MANUFACTURE, AND COPYRIGHT NOTICE |
| Place of production, publication, distribution, manufacture |
[Blainville, Qub̌ec] : |
| Name of producer, publisher, distributor, manufacturer |
Boomerang, |
| Date of production, publication, distribution, manufacture, or copyright notice |
[2023] |
| 300 ## - PHYSICAL DESCRIPTION |
| Extent |
248 pages : |
| Other physical details |
illustrations ; |
| Dimensions |
23 cm |
| 336 ## - CONTENT TYPE |
| Content type term |
texte |
| Content type code |
txt |
| Source |
rdacontent |
| 337 ## - MEDIA TYPE |
| Media type term |
sans mďiation |
| Media type code |
n |
| Source |
rdamedia |
| 338 ## - CARRIER TYPE |
| Carrier type term |
volume |
| Carrier type code |
nc |
| Source |
rdacarrier |
| 490 0# - SERIES STATEMENT |
| Series statement |
Raconte-moi ; |
| Volume/sequential designation |
55 |
| 504 ## - BIBLIOGRAPHY, ETC. NOTE |
| Bibliography, etc |
Comprend des rf̌řences bibliographiques (pages 247-248) |
| 520 ## - SUMMARY, ETC. |
| Summary, etc. |
Toute sa vie, Martin St-Louis s’est fait dire qu’il était trop petit pour jouer au hockey. Aucune équipe ne l’a repêché, mais il s’est accroché au conseil que sa maman lui répétait toujours, soit : « Montre-leur ce que tu es capable de faire ! » et il a donc redoublé d’efforts pour réaliser son rêve. Au moment d’accrocher ses patins, ses statistiques sont éloquentes : plus de 1000 matchs joués dans la LNH, une coupe Stanley, une médaille d’or olympique, l’or à la Coupe du monde de hockey et une tonne de trophées. Pas si mal ! Comme si ce n’était pas assez, Martin a maintenant la chance de partager son expérience en dirigeant les Canadiens de Montréal ! |
| 521 ## - TARGET AUDIENCE NOTE |
| Target audience note |
Pour enfants de 8 ans et plus |
| 600 16 - SUBJECT ADDED ENTRY--PERSONAL NAME |
| Personal name |
St-Louis, Martin, |
| Dates associated with a name |
1975- |
| 600 17 - SUBJECT ADDED ENTRY--PERSONAL NAME |
| Personal name |
St-Louis, Martin, |
| Dates associated with a name |
1975- |
| Source of heading or term |
vmj |
| 610 26 - SUBJECT ADDED ENTRY--CORPORATE NAME |
| Corporate name or jurisdiction name as entry element |
Ligue nationale de hockey |
| Form subdivision |
Biographies |
| -- |
Ouvrages pour la jeunesse |
| 610 27 - SUBJECT ADDED ENTRY--CORPORATE NAME |
| Corporate name or jurisdiction name as entry element |
Ligue nationale de hockey |
| Source of heading or term |
vmj |
| 650 #6 - SUBJECT ADDED ENTRY--TOPICAL TERM |
| Topical term or geographic name as entry element |
Joueurs de hockey |
| Geographic subdivision |
Qub̌ec (Province) |
| Form subdivision |
Biographies |
| -- |
Ouvrages pour la jeunesse |
| 650 #6 - SUBJECT ADDED ENTRY--TOPICAL TERM |
| Topical term or geographic name as entry element |
Hockey |
| General subdivision |
Entran̋eurs |
| Geographic subdivision |
Qub̌ec (Province) |
| -- |
Montrǎl |
| Form subdivision |
Biographies |
| -- |
Ouvrages pour la jeunesse |
| 650 #7 - SUBJECT ADDED ENTRY--TOPICAL TERM |
| Topical term or geographic name as entry element |
Joueurs de hockey |
| Geographic subdivision |
Qub̌ec (Province) |
| Form subdivision |
Biographies |
| Source of heading or term |
vmj |
| 655 #7 - INDEX TERM--GENRE/FORM |
| Genre/form data or focus term |
Livres documentaires pour la jeunesse |
| Source of term |
rvmgf |
| 655 #7 - INDEX TERM--GENRE/FORM |
| Genre/form data or focus term |
Biographies |
| Source of term |
rvmgf |
| 942 ## - ADDED ENTRY ELEMENTS (KOHA) |
| Source of classification or shelving scheme |
Dewey Decimal Classification |
| Koha item type |
Documentaire jeunesse |